000 00596nam a22002177a 4500
003 UA-OsUOA
001 52875
007 ta
008 20080305b un ||||| |||| 00| 0 ukr d
100 _aБабінець А.
090 _a2
_bБ-11
942 _cSA
040 _aUA-OsUOA
_bukr
_cUA-OsUOA
_dUA-OsUOA
245 _aПід знаменням Волинської ікони Божої Матері
300 _aС.1, 3
955 _a0
041 _aukr
080 _a2
773 0 _w52874
_tВільне слово
_dРівне
_d2008
_g18
650 7 _a2 Релігія. Теологія.
_2UDC
999 _c338960
_d338960